| 000 | 01432cad a22002655a 4500 | ||
|---|---|---|---|
| 001 | L148145 | ||
| 008 | 090804e20090724xxk f l f000 0 eng d | ||
| 020 | _a9780117540125 | ||
| 035 | _a(Sirsi) u148145 | ||
| 041 | 0 | _aeng | |
| 050 | 0 | 4 | _a690.241 $2 18 |
| 110 | 1 |
_aUnited Kingdom _bDepartment for Communities and Local Government _94939 |
|
| 245 | 0 | 0 |
_aCircular on the protection of world heritage sites _b _h[electronic resource] |
| 260 |
_aLondon _bDCLG _c2009 |
||
| 490 | 0 |
_aDCLG Communities and Local Government Circular _v07/2009 |
|
| 520 | _aProvides updated advice on the level of protection and management required for the World Heritage Sites of England. Presents recent legislative measures aimed at improving their protection. Replaces and expands on the guidance in paragraphs 2.22 to 2.23 and 6.35 to 6.37 of Planning Policy Guidance 15: Planning and the Historic Environment (PPG15). | ||
| 521 | 2 | _aAdvanced | |
| 590 | _aKA | ||
| 650 | 2 | 4 | _aPLANNING POLICY GUIDANCE 15 (PLANNING AND THE HISTORIC ENVIRONMENT) |
| 651 | 4 |
_aEngland _y886- |
|
| 690 | _aBUILT ENVIRONMENT-BUILDING MAINTENANCE AND REFURBISHMENT-BUILDING CONSERVATION | ||
| 690 | _aENVIRONMENTAL AND LAND CONSULTANCY-ENVIRONMENTAL MANAGEMENT-ENVIRONMENTAL CONSERVATION | ||
| 856 | 4 | 0 |
_uhttps://www.communities.gov.uk/publications/planningandbuilding/circularworldheritage _zView the circular free of charge at www.communities.gov.uk... |
| 942 | _n0 | ||
| 999 |
_c109912 _d109912 |
||